000 00869nas a2200277 4500
001 BR8503497
003 BR-BrBNA
005 20231205090253.0
007 ta
008 230509b bl.|||p| |||| 00| 00por d
040 _aBR-BrBNA
_bpor
_cBiblioteca Nacional de Agricultura
041 _a(Pt)
072 _aP32; M40
100 1 _aCruz, O.
100 1 _aSuguio, K.
100 1 _aEichler, B.B.
245 1 _aSedimentacao acelerada de pontais e barras arenosos na enseada de Caraguatatuba, Sao Paulo: causas naturais e artificiais
650 _aGEOMORFOLOGIA
650 _aSEDIMENTACAO
650 _aFOTOINTERPRETACAO
650 _aBIOLOGIA AQUATICA
650 _aSAO PAULO
773 0 _tBoletim do Instituto Oceanografico (Brazil)
_xISSN 0373-5524
_g(1985), v. 33(1) p. 39-53
_wBR8503497
909 _a202311
_bLúcia
_c55
_dLúcia Elande
942 _2AGRIS
_n0
_cANA
999 _c117254
_d117254